Principal Cities vs. Urban Area - Statistics

General Stats
  • This quiz has been taken 415 times
    408 since last reset
  • The average score is 8 of 15
Answer Stats
Metro Pop % In Principal City Answer % Correct
6,166,488.00 7.59% Miami-Fort Lauderdale-West Palm Beach, FL MSA
88%
4,873,019.00 14.21% Boston-Cambridge-Newton, MA-NH MSA
84%
6,280,487.00 11.24% Washington-Arlington-Alexandria, DC-VA-MD-WV MSA
84%
6,020,364.00 8.42% Atlanta-Sandy Springs-Alpharetta, GA MSA
81%
3,194,831.00 12.51% Tampa-St. Petersburg-Clearwater, FL MSA
70%
2,608,147.00 11.02% Orlando-Kissimmee-Sanford, FL MSA
65%
2,803,228.00 10.72% St. Louis, MO-IL MSA
65%
3,654,908.00 11.75% Minneapolis-St. Paul-Bloomington, MN-WI MSA
60%
2,317,600.00 12.96% Pittsburgh, PA MSA
58%
2,221,208.00 13.68% Cincinnati, OH-KY-IN MSA
52%
1,204,877.00 10.13% Hartford-East Hartford-Middletown, CT MSA
34%
1,624,578.00 11.07% Providence-Warwick, RI-MA MSA
32%
4,650,631.00 7.13% Riverside-San Bernardino-Ontario, CA MSA
27%
838,433.00 14.69% Columbia, SC MSA
16%
844,052.00 14.39% Allentown-Bethlehem-Easton, PA-NJ MSA
7%
No matching quizzes found
Score Distribution
Percent of People with Each Score
Percentile by Number Answered
Your Score History
You have not taken this quiz since the last reset